MDQL
is popping MORE tags! Check the
thread
!
Quizzes
Events
Quiz Creation
Community
Videos
Private Events
Remove Ads
Sign In
Join for FREE
Feedback
Dark Mode
Quiz Categories
Sports
Geography
Music
Movies
Television
Just For Fun
Miscellaneous
History
Literature
Language
Science
Gaming
Entertainment
Religion
Holiday
For Kids
Quiz Lab
Recent
Popular Today
Quiz Kudos Today
Editor Picks
Curator Picks
Quizzes by...
Day
Popularity
Type
Ratings
Length
Year
Community
Subscriptions
Recent Discussions
Orange Saloon
Badges
Playlists
Quests
Create
Leaderboards
Showdown
Live 5
Trivia Bingo
Activity
Puzzle Library
Sporcle Events
Private Events
Virtual Trivia
Globe League
Become a Host
Pub Owners
SporcleCon
Opinionation
Our Games
Videos
Blog
Mobile Apps
Partnerships
Remove Ads and Go Orange
Feedback
Miscellaneous
Crossword
General Knowledge
Baby Names
Logo
Food
Cars
Numbers
Grab Bag
University
College
Popular
Company
Slogans
Restaurants
Justice
Letter
Miscellaneous
Crossword
General Knowledge
Baby Names
Logo
Food
Cars
Numbers
Grab Bag
University
College
Popular
Company
Slogans
Restaurants
Justice
Letter
Random Quiz
Search Sporcle
×
Quiz Lab
Quiz Lab
Miscellaneous
ifc
Type in answers that appear in a list
Type in answers that appear in a list
Classic
Best Score? Go Orange.
Interfraternity Council Fraternities Stats
Can you name the fraternities that are members of IFC?
By
conman
15m
70 Questions
378 Plays
378 Plays
378 Plays
Comments
Comments
Give Quiz Kudos
Give Quiz Kudos
-
- Ratings
hide this ad
Random Order
Randomize order of answers
Randomize order of answers
Replay
Link that replays current quiz
Next Quiz
Link to next quiz in quiz playlist
You Got
0%
They Got
Avg Score
26%
Avg Friend Score
Upgrade to see
Score Distribution
Jump to the score distribution portion of the page
Score
0/70
Timer
15:00
0
Plays Today
% Correct
Sigma Chi
79.1%
Sigma Alpha Epsilon
73.3%
Pi Kappa Alpha
68.5%
Sigma Nu
64.8%
Sigma Phi Epsilon
62.7%
Tau Kappa Epsilon
60.1%
Delta Tau Delta
59%
Pi Kappa Phi
58.5%
Lambda Chi Alpha
58.2%
Alpha Tau Omega
55.3%
Theta Chi
54.8%
Beta Theta Pi
54.5%
Phi Gamma Delta
53.2%
Delta Chi
52.9%
Alpha Epsilon Pi
51.6%
Sigma Pi
47.6%
Zeta Beta Tau
46.8%
Kappa Alpha Order
45%
Phi Kappa Psi
45%
Delta Kappa Epsilon
41.8%
Delta Upsilon
37%
Sigma Alpha Mu
36.2%
FarmHouse
33.9%
Alpha Gamma Rho
33.1%
Acacia
32.3%
Chi Phi
32.3%
Phi Kappa Tau
31.5%
Chi Psi
30.2%
Phi Sigma Kappa
28.3%
Delta Sigma Phi
28%
Theta Xi
26.5%
Triangle
26.5%
Alpha Sigma Phi
24.9%
Zeta Psi
24.3%
Phi Kappa Sigma
20.6%
% Correct
Pi Lambda Phi
19.3%
Kappa Alpha Society
17.7%
Delta Phi
17.5%
Theta Delta Chi
16.9%
Psi Upsilon
16.4%
Kappa Delta Rho
16.1%
Alpha Chi Rho
15.1%
Tau Epsilon Phi
14.3%
Alpha Kappa Lambda
13.5%
Phi Kappa Theta
13%
Alpha Phi Alpha
12.7%
Sigma Tau Gamma
11.4%
Delta Psi
10.3%
Kappa Alpha Psi
10.3%
Alpha Delta Pi
9.8%
Alpha Delta Gamma
7.1%
Beta Sigma Psi
7.1%
Sigma Phi Society
6.3%
Phi Mu Delta
5.8%
Alpha Gamma Sigma
4.8%
Iota Nu Delta
4.5%
Sigma Phi Delta
4.5%
Tau Delta Phi
4.2%
Alpha Phi Delta
4%
Iota Phi Theta
4%
Omega Delta Phi
3.4%
Kappa Delta Phi
2.9%
Lambda Phi Epsilon
2.9%
Phi Sigma Phi
2.9%
Beta Chi Theta
2.6%
Lambda Theta Phi
2.4%
Sigma Lambda Beta
2.4%
Phi Iota Alpha
2.4%
Lambda Sigma Upsilon
1.9%
Phi Lambda Chi
1.9%
Quiz Playlist
Details
Report
Send in Message
Add To Playlist
Classic:
Type in answers that appear in a list
Random Order:
Randomize order of answers
Last Updated: Feb 16, 2017
Quiz Scoreboard
CHALLENGE
Sign Up to Join the Scoreboard
Show All
Scores
Hide
Comments
May contain spoilers
Recently Published
Image Sorting: Flags VI
by Barbecue
Geography
2m
Find the 'City' Movie
by crazypaving
Movies
60s
Colored Red Africa Blitz
by spor1
Geography
45s
More to Explore
Quiz From the Vault
Featured Blog Post
14 Easter Pick-up Lines to Find Eggs With
hide this ad
You Might Also Like...
Tags
council
Fraternity
ifc
Today's Top Quizzes in Miscellaneous
Browse Miscellaneous
hide this ad
Top Contributed Quizzes in Miscellaneous
1
The JOE quick-fire general knowledge quiz: Day 174
2
5-to-1: Fast Food
3
9x9 Crossword: Disney Movie Titles
4
9x9 Crossword: Charlie and the Chocolate Factory
5
The JOE quick-fire general knowledge quiz: Day 173
6
9x9 Crossword: 2022 Movies
7
9x9 Crossword: Actors
8
9x9 Crossword: The Simpsons
9
9x9 Crossword: Pixar Movie Titles
10
9x9 Crossword: Flags
Explore More
Trending Topics
Disney
Crossword
Kpop
Anime
Harry Potter
Marvel
NBA
Song
Pokémon
The Office
NFL
Puzzle
Country
WWE
Soccer
hide this ad
More By:
conman
Quiz
Plays
Rating
Category
Featured
Created
Interfraternity Council Fraternities
378
1.67
Miscellaneous
Nov 20, 2009
Go to Creator's Profile
Score Distribution
Quiz Creator Spotlight
conman
Follow
Send a Message
Quizzes Created
-
Created Quiz Play Count
-
More By This Creator
Popular Quizzes Today
1
Colored Red Africa Blitz
2
Find the US States - No Outlines Minefield
3
Find the 'City' Movie
4
5x2 Blitz: Bands
5
The Countries of the World
6
Find the US States
7
Find the Countries of Europe - No Outlines Minefield
8
US States
More Miscellaneous Quizzes
Sunday Crossword: Blurred Lines
Editor's Pick
Trending Quizzes
Colored Red Europe Blitz I
Colored Red Europe Blitz II
Colored Red Africa Blitz II
Colored Red Europe Blitz III
Colored Red Africa Blitz III
Recently Updated
How Do You Spell That?
pecheneg
Godzilla Movies
pecheneg
Grab Bag: 4-10 Letters
pecheneg
2024 March Madness Bracket
pecheneg
Famous TV Couples
Peacemaker
Champions League XIs: Real Madrid
pecheneg
Largest US Cities 1790-2010
pecheneg
Rides in Walt Disney World
pecheneg
Most Oscar Losses (Acting)
pecheneg
Beyoncé Albums
pecheneg
Trending Topics
NBA
Harry Potter
Crossword
Kpop
Marvel
Disney
Anime
Song
WWE
Soccer
The Office
NFL
Pokémon
Puzzle
Country
Your Account Isn't Verified!
In order to create a playlist on Sporcle, you need to verify the email address you used during registration. Go to your
Sporcle Settings
to finish the process.
Report this User
Report this user for behavior that violates our
Community Guidelines
.
Details:
Send Report
Go to the Sporcle.com Mobile Site →
Comments